000 00526nam a2200181Ia 4500
003 LK-CoDNM
008 010623t2008 xxu||||| |||| 00| 1 sin d
040 _aLK-CoDNM
_dLK-CoDNM
_eLK-CoDNM
041 _asin
080 _a133.52 WIC
100 _aWickramasinghe,W.A.D.A.
245 _aඉසිකර පඤචාංග ග්‍ර‍හස්ඵුට ලිත,2009-2010-2011
246 _aIsikara Ephemeris and Almanac,2009-2010-2011
260 _b
_c2008
300 _b112p., 22 cm
650 _aLith
942 _cBK
999 _c127546
_d127546